[Event "XXXI Festival A"]
[Site "Arco ITA"]
[Date "2009.10.20"]
[Round "5"]
[White "Van Riemsdijk, Herman C."]
[Black "Naumkin, Igor"]
[Result "1/2-1/2"]
[WhiteElo "2385"]
[BlackElo "2450"]
[PlyCount "66"]
[EventDate "2009.10.17"]

1. e4 e5 2. Nf3 Nc6 3. Bb5 a6 4. Ba4 Nf6 5. O-O Be7 6. Re1 b5 7. Bb3 d6 8. c3
O-O 9. d4 Bg4 10. Be3 exd4 11. cxd4 d5 12. e5 Ne4 13. Nc3 Nxc3 14. bxc3 Qd7 15.
h3 Bh5 16. g4 Bg6 17. Bg5 Bxg5 18. Nxg5 Nd8 19. a4 Ne6 20. Qd2 c6 21. axb5 axb5
22. Nf3 Qe7 23. Bc2 Bxc2 24. Qxc2 h6 25. Kg2 c5 26. dxc5 Qxc5 27. Qd2 Rxa1 28.
Rxa1 Rc8 29. Nd4 b4 30. Nxe6 fxe6 31. cxb4 Qc4 32. Re1 Rb8 33. f3 Qxb4 1/2-1/2

[Event "XXXI Festival A"]
[Site "Arco ITA"]
[Date "2009.10.20"]
[Round "5"]
[White "Vezzosi, Paolo"]
[Black "Franco Ocampos, Zenon"]
[Result "0-1"]
[WhiteElo "2381"]
[BlackElo "2505"]
[PlyCount "60"]
[EventDate "2009.10.17"]

1. Nf3 c5 2. e4 d6 3. d4 cxd4 4. Nxd4 Nf6 5. Nc3 Nc6 6. h3 e6 7. g4 d5 8. exd5
Nxd5 9. Nxc6 bxc6 10. Bg2 Ba6 11. Bd2 Be7 12. Nxd5 cxd5 13. Bc3 Bf6 14. Qf3
Bxc3+ 15. Qxc3 O-O 16. O-O-O Rc8 17. Qa3 Qb6 18. Rd2 Rc5 19. Kb1 Rb8 20. b3 Bb5
21. Qb2 a5 22. Qd4 a4 23. Re1 axb3 24. cxb3 Qc6 25. f4 Rc8 26. a4 Bxa4 27. bxa4
Rc4 28. Qd3 Rc1+ 29. Rxc1 Qxc1+ 30. Ka2 Rc3 0-1

[Event "XXXI Festival A"]
[Site "Arco ITA"]
[Date "2009.10.20"]
[Round "5"]
[White "Vuelban, Virgilio"]
[Black "De Santis, Alessio"]
[Result "1-0"]
[WhiteElo "2405"]
[BlackElo "2309"]
[PlyCount "159"]
[EventDate "2009.10.17"]

1. e4 b6 2. d4 Bb7 3. Bd3 Nf6 4. Qe2 Nc6 5. c3 e5 6. d5 Ne7 7. Nf3 Ng6 8. O-O
Bc5 9. g3 O-O 10. Nbd2 a5 11. Nb3 Be7 12. a4 c6 13. c4 c5 14. Re1 d6 15. Nbd2
Bc8 16. Nf1 Re8 17. Ne3 Bf8 18. Qc2 Ne7 19. Nd2 g6 20. f3 Bg7 21. Nb1 Nh5 22.
Nc3 Rf8 23. Ng4 f5 24. Nf2 f4 25. g4 Nf6 26. h4 h6 27. Kg2 Ne8 28. Rh1 Rf7 29.
Bd2 Kf8 30. Rh2 Ng8 31. Rah1 Nc7 32. Nb5 Nxb5 33. cxb5 Nf6 34. Be2 Nd7 35. b3
Kg8 36. Nd3 Bf8 37. Nb2 Be7 38. Nc4 Nf8 39. Bc3 Nd7 40. Qa2 Kf8 41. Kf2 Ra7 42.
Qb2 Qc7 43. g5 h5 44. Rd1 Kg8 45. Bf1 Bf8 46. Bh3 Bg7 47. Be6 Kf8 48. Kg1 Qb8
49. Qg2 Re7 50. Qh3 Ke8 51. Rhd2 Kd8 52. Rd3 Bh8 53. Qh2 Bg7 54. Qb2 Bh8 55.
R3d2 Bg7 56. Rc2 Bh8 57. Qa1 Bg7 58. Rdc1 Nf8 59. Bxc8 Kxc8 60. b4 axb4 61.
Bxb4 Kd8 62. Be1 Ra8 63. a5 bxa5 64. Nxa5 Ke8 65. Qb1 Qb6 66. Nc4 Qb8 67. Ra2
Rxa2 68. Qxa2 Rb7 69. Qa6 Rd7 70. Qc6 Ke7 71. Ra1 Rd8 72. b6 Nd7 73. Ra7 Bf8
74. Nxe5 Qxa7 75. Nxg6+ Kf7 76. bxa7 Kxg6 77. a8=Q Rxa8 78. Qxa8 Ne5 79. Qe8+
Kg7 80. Bc3 1-0

[Event "XXXI Festival A"]
[Site "Arco ITA"]
[Date "2009.10.21"]
[Round "6"]
[White "Ager, Josef"]
[Black "Pienabarca, Nicola"]
[Result "1-0"]
[WhiteElo "2226"]
[BlackElo "2067"]
[PlyCount "85"]
[EventDate "2009.10.17"]

1. Nf3 Nf6 2. g3 d5 3. Bg2 c5 4. O-O Nc6 5. d4 cxd4 6. Nxd4 e5 7. Nxc6 bxc6 8.
c4 Be6 9. Nc3 Qd7 10. Bg5 Rd8 11. Qa4 Be7 12. Rad1 O-O 13. Bxf6 Bxf6 14. cxd5
cxd5 15. Qxd7 Rxd7 16. Bxd5 Bg4 17. Kg2 Rb8 18. f3 Bh5 19. Bb3 Rdb7 20. e4 Bd8
21. Rd5 Re7 22. f4 Bc7 23. h3 h6 24. f5 f6 25. Rxe5+ Rxb3 26. Rxe7 Rxb2+ 27.
Rf2 Rxf2+ 28. Kxf2 Bb6+ 29. Kg2 Bd4 30. Nb5 Kf8 31. Rb7 Be3 32. Nxa7 Be2 33.
Nb5 Bd1 34. Nc3 Bc2 35. Kf3 Bd4 36. Rc7 Be5 37. Rc6 Ke8 38. Ne2 Bd1 39. Ra6 Kd7
40. Ra7+ Bc7 41. Ra8 Bd8 42. Ke3 Bc2 43. Nc3 1-0

[Event "XXXI Festival A"]
[Site "Arco ITA"]
[Date "2009.10.21"]
[Round "6"]
[White "Antoniacci, Riccardo"]
[Black "Maneschi, Giuseppe"]
[Result "0-1"]
[WhiteElo "1895"]
[BlackElo "2072"]
[PlyCount "68"]
[EventDate "2009.10.17"]

1. e4 g6 2. d4 Bg7 3. f4 c5 4. Nf3 cxd4 5. Nxd4 Qb6 6. Nb3 d6 7. Nc3 Nf6 8. Qf3
Nc6 9. Be3 Qd8 10. h3 O-O 11. Rd1 Bd7 12. Bd3 Nb4 13. g4 Bc6 14. g5 Nxd3+ 15.
Rxd3 Nh5 16. Nd4 Qd7 17. Nde2 f5 18. gxf6 Nxf6 19. O-O e5 20. f5 Nxe4 21. Nxe4
gxf5 22. Rxd6 Qe8 23. Qg3 Bxe4 24. Bh6 Rf7 25. Rf6 Qe7 26. Rxf7 Qxf7 27. Rd1
Bc6 28. Kh2 Kh8 29. Rd6 f4 30. Qh4 Bxh6 31. Qxh6 Rg8 32. Rf6 Rg2+ 33. Kh1 Rg6+
34. Kh2 Qxf6 0-1

[Event "XXXI Festival A"]
[Site "Arco ITA"]
[Date "2009.10.21"]
[Round "6"]
[White "Astengo, Marcello"]
[Black "Dappiano, Andrea"]
[Result "0-1"]
[WhiteElo "2134"]
[BlackElo "1975"]
[PlyCount "78"]
[EventDate "2009.10.17"]

1. d4 d6 2. Nf3 Bg4 3. e3 Nd7 4. Be2 Ngf6 5. O-O e5 6. c4 Be7 7. Nc3 O-O 8. b3
c6 9. Bb2 Re8 10. Qc2 Bf8 11. dxe5 dxe5 12. Rad1 Qc7 13. Rd2 e4 14. Nd4 Ne5 15.
Bxg4 Nfxg4 16. Nxe4 c5 17. Ng5 Ng6 18. Ndf3 f6 19. Qf5 Nh6 20. Qd5+ Kh8 21. Ne6
Qb6 22. Nxf8 Nxf8 23. Rfd1 Ne6 24. Qh5 Ng8 25. Rd7 Rad8 26. Nh4 Nf8 27. h3 Nh6
28. Rxd8 Rxd8 29. Rxd8 Qxd8 30. Qxc5 b6 31. Qd5 Qc7 32. Ba3 Ng6 33. Nxg6+ hxg6
34. c5 bxc5 35. Qxc5 Qd7 36. Qd4 Qc6 37. Qxa7 Nf5 38. g4 Nh4 39. Qc5 Qg2# 0-1

[Event "XXXI Festival A"]
[Site "Arco ITA"]
[Date "2009.10.21"]
[Round "6"]
[White "Barlotti, Gabriele"]
[Black "Di Lazzaro, Gabriele"]
[Result "1/2-1/2"]
[WhiteElo "1664"]
[BlackElo "1930"]
[PlyCount "78"]
[EventDate "2009.10.17"]

1. d4 Nf6 2. c4 e6 3. Nc3 Bb4 4. e3 Ne4 5. Bd2 Bxc3 6. Bxc3 c5 7. Qg4 Nxc3 8.
Qxg7 Rf8 9. bxc3 Qa5 10. Ne2 b6 11. Qxh7 Bb7 12. Qc2 cxd4 13. exd4 Nc6 14. Rd1
O-O-O 15. Ng3 Ne7 16. f3 f5 17. Bd3 Rh8 18. O-O Qa3 19. Rb1 Qd6 20. Qd2 Rh7 21.
c5 bxc5 22. Qb2 Qc7 23. f4 Rdh8 24. h3 Rg7 25. Kh2 Rhg8 26. Rf3 Nc6 27. d5 Nd8
28. dxe6 dxe6 29. Rbf1 Bxf3 30. Rxf3 Rxg3 31. Ba6+ Kd7 32. Qb5+ Ke7 33. Rxg3
Qxf4 34. Qxc5+ Kf7 35. Qxa7+ Kf8 36. Qc5+ Kf7 37. Qa7+ Kf8 38. Qe3 Qb8 39. Qf3
Nf7 1/2-1/2

[Event "XXXI Festival A"]
[Site "Arco ITA"]
[Date "2009.10.21"]
[Round "6"]
[White "Buglisi, Massimo"]
[Black "Mombelli, Antonio"]
[Result "0-1"]
[WhiteElo "1931"]
[BlackElo "1829"]
[PlyCount "68"]
[EventDate "2009.10.17"]

1. d4 d5 2. c4 c6 3. Nc3 Nf6 4. cxd5 cxd5 5. f3 Nc6 6. e4 dxe4 7. d5 Ne5 8.
fxe4 a6 9. Bf4 Ng6 10. Bg3 e5 11. Nf3 Bd6 12. Be2 O-O 13. O-O b5 14. a3 Nh5 15.
Bxe5 Nxe5 16. Nxe5 Bxe5 17. Bxh5 Qh4 18. h3 Qg3 19. Qf3 Qh2+ 20. Kf2 g6 21. Rh1
Bd4+ 22. Ke2 Qe5 23. Bg4 f5 24. Rhf1 Bd7 25. Kd3 fxg4 26. Qe2 gxh3 27. gxh3
Rxf1 28. Rxf1 Rf8 29. Rxf8+ Kxf8 30. Qf3+ Kg7 31. h4 h5 32. Qg2 Bg4 33. Qc2 Bb6
34. Ne2 Bf3 0-1

[Event "XXXI Festival A"]
[Site "Arco ITA"]
[Date "2009.10.21"]
[Round "6"]
[White "Caldara, Sisto"]
[Black "Orlandi, Stefano"]
[Result "1-0"]
[WhiteElo "1823"]
[BlackElo "1948"]
[PlyCount "61"]
[EventDate "2009.10.17"]

1. d4 f5 2. g4 d6 3. Qd3 g6 4. Bg2 Nc6 5. Bf4 Bg7 6. gxf5 Bxf5 7. e4 Bd7 8. Ne2
e5 9. dxe5 Nxe5 10. Qb3 Nc6 11. Nbc3 Nge7 12. Nd5 Nxd5 13. exd5 Nd4 14. Nxd4
Bxd4 15. O-O-O Bg7 16. Rde1+ Kf7 17. h4 Qf6 18. Bg5 Ba4 19. Bxf6 Bxb3 20. Bxg7
Rhg8 21. Bh6 Ba4 22. Bh3 Kf6 23. b3 Be8 24. Re6+ Kf7 25. Rhe1 g5 26. Re7+ Kg6
27. R1e6+ Kh5 28. Bxg5 Bg6 29. Bf1 Bf5 30. Be2+ Bg4 31. Rh6# 1-0

[Event "XXXI Festival A"]
[Site "Arco ITA"]
[Date "2009.10.21"]
[Round "6"]
[White "Cardili, Mariano"]
[Black "Ricci, Alfredo"]
[Result "1-0"]
[WhiteElo "2106"]
[BlackElo "1993"]
[PlyCount "63"]
[EventDate "2009.10.17"]

1. d4 c5 2. d5 Nf6 3. c4 g6 4. Nc3 Bg7 5. e4 d6 6. Nf3 O-O 7. Be2 a6 8. O-O b5
9. cxb5 axb5 10. Bxb5 Qb6 11. Qe2 Ba6 12. Bxa6 Nxa6 13. Bf4 Rfb8 14. Rab1 Nc7
15. b3 Nd7 16. Rbc1 Qa5 17. e5 Qa6 18. Qe3 Rb4 19. Bg3 h6 20. Rfd1 Kh7 21. Rc2
c4 22. exd6 cxb3 23. axb3 exd6 24. Qe7 Nb5 25. Nxb5 Qxb5 26. Rc7 Qxd5 27. Rxd5
Ra1+ 28. Ne1 Ne5 29. Rxe5 Ra8 30. Nf3 dxe5 31. Qxf7 Rg8 32. Nxe5 1-0

[Event "XXXI Festival A"]
[Site "Arco ITA"]
[Date "2009.10.21"]
[Round "6"]
[White "Cento, Claudio"]
[Black "Pistone, Salvatore"]
[Result "1-0"]
[WhiteElo "1661"]
[BlackElo "1864"]
[PlyCount "89"]
[EventDate "2009.10.17"]

1. e4 c5 2. Nf3 d6 3. d4 cxd4 4. Nxd4 Nf6 5. Nc3 g6 6. g3 Bg7 7. Bg2 Bg4 8. f3
Bd7 9. Be3 O-O 10. Qd2 Nc6 11. Nxc6 bxc6 12. O-O Qc8 13. Ne2 Bh3 14. Bxh3 Qxh3
15. g4 Nxe4 16. fxe4 Qxg4+ 17. Ng3 Be5 18. Qg2 Bxg3 19. hxg3 c5 20. Rf4 Qe6 21.
Rh4 f6 22. Bd2 Rad8 23. Bc3 Qf7 24. Qd2 e5 25. Qd5 Qxd5 26. exd5 Kg7 27. Ra4
Rd7 28. Kf2 g5 29. b4 cxb4 30. Bxb4 Rc8 31. c3 Kf7 32. g4 Rc4 33. Kg3 Kg6 34.
Ra6 f5 35. gxf5+ Kxf5 36. Rf1+ Rf4 37. Rxf4+ exf4+ 38. Kf2 h5 39. Rxd6 Re7 40.
Bc5 g4 41. Bd4 f3 42. Rf6+ Kg5 43. Re6 Rf7 44. d6 g3+ 45. Kxg3 1-0

[Event "XXXI Festival A"]
[Site "Arco ITA"]
[Date "2009.10.21"]
[Round "6"]
[White "Clech, Jean-Louis"]
[Black "Bernardi, Ruben"]
[Result "0-1"]
[WhiteElo "2052"]
[BlackElo "2162"]
[PlyCount "72"]
[EventDate "2009.10.17"]

1. d4 d5 2. c4 c6 3. Nc3 Nf6 4. e3 a6 5. Qc2 b5 6. b3 Nbd7 7. Nf3 e6 8. Bd3 Bb7
9. O-O Be7 10. Bb2 Rc8 11. Qe2 O-O 12. Ne5 Nxe5 13. dxe5 Nd7 14. f4 Nc5 15. Bc2
g6 16. Rad1 Qb6 17. Rb1 b4 18. Nd1 Ne4 19. Rf3 c5 20. Bxe4 dxe4 21. Rh3 Rfd8
22. Nf2 Rd7 23. Re1 Rcd8 24. Bc1 f5 25. g4 Qc6 26. g5 Bf8 27. Rg3 a5 28. h4 a4
29. h5 axb3 30. axb3 Qa6 31. Kh2 Qa1 32. Rgg1 Qc3 33. Qa2 Ra8 34. Qb1 Ra1 35.
Qb2 Qxb2 36. Bxb2 Rxe1 0-1

[Event "XXXI Festival A"]
[Site "Arco ITA"]
[Date "2009.10.21"]
[Round "6"]
[White "Dalponte, Dino"]
[Black "Kierzek, Mira"]
[Result "1/2-1/2"]
[WhiteElo "2138"]
[BlackElo "2043"]
[PlyCount "112"]
[EventDate "2009.10.17"]

1. d4 Nf6 2. Nf3 d6 3. Nbd2 g6 4. c3 Bg7 5. e3 Nbd7 6. Bd3 O-O 7. O-O e5 8. e4
Re8 9. Qb3 h6 10. Re1 a5 11. h3 Qe7 12. Nf1 Nf8 13. Ng3 b6 14. d5 N8d7 15. Bb5
Ba6 16. Bxa6 Rxa6 17. Qc4 Ra7 18. Be3 Rf8 19. b4 Ne8 20. Qd3 Kh7 21. Nh2 Qh4
22. Bd2 Ra8 23. a3 a4 24. Rac1 Qe7 25. c4 Nef6 26. Be3 Rfc8 27. b5 Nc5 28. Bxc5
dxc5 29. Ne2 Ne8 30. Nf1 Nd6 31. Rc2 f5 32. Nc3 Rf8 33. Rce2 Qg5 34. Nh2 f4 35.
f3 h5 36. Nd1 Qf6 37. Qc2 Qd8 38. Nb2 Qb8 39. Ra1 Ra7 40. Nf1 Rg8 41. Kf2 Qd8
42. Ke1 Qh4+ 43. Kd2 Qe7 44. Kd3 Rd8 45. Nd2 Qd7 46. Nb1 Kh6 47. Nc3 Rda8 48.
Qc1 Kh7 49. Qe1 Qe7 50. Qf2 Bf6 51. Rc2 Bh4 52. Qg1 Rf8 53. Nbd1 Qf6 54. Ne2
Raa8 55. Ndc3 Qf7 56. Rf1 Qf6 1/2-1/2

[Event "XXXI Festival A"]
[Site "Arco ITA"]
[Date "2009.10.21"]
[Round "6"]
[White "De Andres Gonalons, Fernando"]
[Black "Rizzoli, Aluna"]
[Result "1/2-1/2"]
[WhiteElo "2088"]
[BlackElo "1878"]
[PlyCount "96"]
[EventDate "2009.10.17"]

1. d4 Nf6 2. c4 e6 3. Nf3 b6 4. a3 Bb7 5. Nc3 Ne4 6. Nxe4 Bxe4 7. e3 Be7 8. Bd3
f5 9. Bxe4 fxe4 10. Nd2 O-O 11. Nxe4 d5 12. Nc3 c6 13. cxd5 cxd5 14. O-O Rf5
15. e4 dxe4 16. Nxe4 Nc6 17. Be3 Qd7 18. Qa4 Rd8 19. Rad1 Rd5 20. Nc3 Nxd4 21.
Qa6 Rd6 22. Bxd4 Rxd4 23. Rxd4 Qxd4 24. Qe2 Qd7 25. h3 Bf6 26. Ne4 Qd5 27. Re1
Kf7 28. Qf3 Qf5 29. Qb3 Qd5 30. Qc2 h6 31. Nxf6 Kxf6 32. Qc7 Rd7 33. Qf4+ Qf5
34. Qh4+ Qg5 35. Qxg5+ hxg5 36. Re2 Kf5 37. g3 Rc7 38. Kg2 Rd7 39. Re3 e5 40.
Kf3 Rd4 41. Rc3 Rd7 42. Ke3 g4 43. h4 e4 44. Rc8 Rd3+ 45. Ke2 Rb3 46. Rc2 Ke5
47. Rd2 g6 48. Rc2 Kd4 1/2-1/2

[Event "XXXI Festival A"]
[Site "Arco ITA"]
[Date "2009.10.21"]
[Round "6"]
[White "De Nisi, Roberta"]
[Black "Innocenti, Sandro"]
[Result "1-0"]
[WhiteElo "1903"]
[BlackElo "1701"]
[PlyCount "115"]
[EventDate "2009.10.17"]

1. d4 d5 2. c4 e6 3. Nc3 Nf6 4. cxd5 exd5 5. Bg5 Be7 6. e3 c6 7. Bd3 Ne4 8.
Bxe7 Qxe7 9. Nge2 O-O 10. Ng3 f5 11. Qb3 Kh8 12. Qc2 Nd7 13. Qe2 Ndf6 14. f3
Nd6 15. O-O Bd7 16. Rfe1 Rae8 17. Qc2 g6 18. Re2 Qg7 19. Rae1 Re7 20. Qa4 a6
21. Qb4 Nb5 22. a4 Nxc3 23. bxc3 Bc8 24. Qb1 Rfe8 25. Nf1 Qh6 26. c4 Qg7 27. c5
Nh5 28. Ng3 Nxg3 29. hxg3 Qf6 30. Kf2 Kg7 31. Qb2 h5 32. Kg1 Kh7 33. e4 fxe4
34. fxe4 dxe4 35. Rxe4 Rxe4 36. Rxe4 Rxe4 37. Bxe4 Qe7 38. Qc2 Qf6 39. Qc4 Qe6
40. d5 cxd5 41. Bxd5 Qe7 42. Kh2 Qc7 43. Bf3 Kh6 44. Qc1+ Kh7 45. Qg5 Bf5 46.
Bxh5 gxh5 47. Qxf5+ Kh6 48. Qf4+ Qxf4 49. gxf4 Kg6 50. Kh3 Kf5 51. g3 Ke4 52.
Kh4 Kd5 53. Kxh5 Kxc5 54. a5 b5 55. axb6 Kxb6 56. f5 Kc7 57. Kg6 Kd7 58. Kg7
1-0

[Event "XXXI Festival A"]
[Site "Arco ITA"]
[Date "2009.10.21"]
[Round "6"]
[White "De Polzer, Manfredi"]
[Black "Buck, Klaus-Michael"]
[Result "1-0"]
[WhiteElo "1812"]
[BlackElo "1837"]
[PlyCount "113"]
[EventDate "2009.10.17"]

1. e4 e6 2. d4 d5 3. Nd2 Nf6 4. Bd3 c5 5. e5 Nfd7 6. c3 cxd4 7. cxd4 Nc6 8. Ne2
Qb6 9. Nb3 Bb4+ 10. Bd2 Bxd2+ 11. Qxd2 Qb4 12. Qc3 Qxc3+ 13. bxc3 O-O 14. a4 a5
15. O-O b6 16. Bb5 Bb7 17. Ra2 f6 18. f4 fxe5 19. fxe5 Rxf1+ 20. Kxf1 Rf8+ 21.
Kg1 Rf5 22. Ng3 Rf8 23. Rf2 Rxf2 24. Kxf2 Kf7 25. h4 Ncb8 26. Bd3 g6 27. Ke3
Bc6 28. Bb5 Bb7 29. Nd2 h6 30. Nf3 Bc6 31. Ne2 Bxb5 32. axb5 Nf8 33. g4 Nh7 34.
Kf4 Nd7 35. Nc1 Ke7 36. Nd2 g5+ 37. Kg3 gxh4+ 38. Kxh4 Kf7 39. Kh5 Kg7 40. Nf3
Nhf8 41. g5 hxg5 42. Nxg5 Kg8 43. Kh6 Kh8 44. Nd3 a4 45. Nb4 Nh7 46. Nxh7 Kg8
47. Ng5 Nf8 48. Nc2 Kh8 49. Nf7+ Kg8 50. Nd6 Nd7 51. Nc8 Kf7 52. Na3 Ke8 53.
Kg7 Kd8 54. Nd6 Ke7 55. Nc2 Kd8 56. Kf7 Kc7 57. Kxe6 1-0

[Event "XXXI Festival A"]
[Site "Arco ITA"]
[Date "2009.10.21"]
[Round "6"]
[White "De Santis, Alessio"]
[Black "Riepma, Henk"]
[Result "1-0"]
[WhiteElo "2309"]
[BlackElo "2117"]
[PlyCount "45"]
[EventDate "2009.10.17"]

1. d4 d5 2. c4 c6 3. Nc3 Nf6 4. e3 Bf5 5. cxd5 Nxd5 6. Nf3 e6 7. Be2 Nd7 8. O-O
Bd6 9. Nd2 Nxc3 10. bxc3 Qc7 11. f4 Nf6 12. Bf3 Bd3 13. Re1 c5 14. Qb3 Ba6 15.
g3 h5 16. e4 Bxf4 17. gxf4 Qxf4 18. Qa4+ Kf8 19. Bg2 h4 20. Nf3 Qg4 21. Ne5 Qh5
22. Bf3 Qh7 23. Ba3 1-0

[Event "XXXI Festival A"]
[Site "Arco ITA"]
[Date "2009.10.21"]
[Round "6"]
[White "Del Nevo, Claudio"]
[Black "Kern, Beat"]
[Result "1-0"]
[WhiteElo "1858"]
[BlackElo "1651"]
[PlyCount "75"]
[EventDate "2009.10.17"]

1. d4 Nf6 2. Nf3 d5 3. c3 e6 4. Bg5 Be7 5. Bxf6 Bxf6 6. e3 Nd7 7. Bd3 O-O 8.
Qc2 g6 9. h4 e5 10. dxe5 Nxe5 11. Nxe5 Bxe5 12. Nd2 c5 13. O-O-O c4 14. Be2 Qf6
15. Rdf1 b5 16. h5 Bf5 17. e4 Bxe4 18. Nxe4 dxe4 19. Qxe4 Qf4+ 20. Qxf4 Bxf4+
21. Kc2 Rad8 22. Rd1 Kg7 23. Bf3 a5 24. Rxd8 Rxd8 25. Rd1 Re8 26. Rd5 Re1 27.
Rd1 Re5 28. hxg6 hxg6 29. g3 Bh6 30. Bg4 Re4 31. f4 Re3 32. Rg1 f5 33. Bd1 Kf7
34. Kd2 Rxg3 35. Rxg3 Bxf4+ 36. Re3 g5 37. Ke2 Bxe3 38. Kxe3 1-0

[Event "XXXI Festival A"]
[Site "Arco ITA"]
[Date "2009.10.21"]
[Round "6"]
[White "Dittmar, Peter"]
[Black "Bonade', Massimo"]
[Result "1-0"]
[WhiteElo "2359"]
[BlackElo "2097"]
[PlyCount "55"]
[EventDate "2009.10.17"]

1. c4 c5 2. g3 g6 3. Bg2 Bg7 4. Nc3 Nc6 5. Nf3 e5 6. O-O Nge7 7. d3 O-O 8. Ne1
d6 9. Nc2 Be6 10. Ne3 Qd7 11. Ned5 Bh3 12. Ne4 Nxd5 13. Bxh3 Qxh3 14. cxd5 Nd8
15. Qa4 f5 16. Nxd6 f4 17. Ne4 Rf5 18. Qe8+ Bf8 19. f3 fxg3 20. Nxg3 Rf6 21.
Be3 Kg7 22. Ne4 Rf5 23. Rf2 b6 24. Kh1 Qh4 25. d6 Rb8 26. Rg1 Rf7 27. Bg5 Qh3
28. Bxd8 1-0

[Event "XXXI Festival A"]
[Site "Arco ITA"]
[Date "2009.10.21"]
[Round "6"]
[White "Facchetti, Lorenzo"]
[Black "Ciola, Alberto"]
[Result "1/2-1/2"]
[WhiteElo "1836"]
[BlackElo "1920"]
[PlyCount "28"]
[EventDate "2009.10.17"]

1. d4 Nf6 2. c4 g6 3. Nc3 Bg7 4. e4 d6 5. Be2 O-O 6. Nf3 c5 7. O-O cxd4 8. Nxd4
Nc6 9. Be3 Bd7 10. Qd2 a6 11. Rac1 Nxd4 12. Bxd4 Bc6 13. f3 Rb8 14. Nd5 Nxd5
1/2-1/2

[Event "XXXI Festival A"]
[Site "Arco ITA"]
[Date "2009.10.21"]
[Round "6"]
[White "Fortunato, Vito"]
[Black "Pedrotti, Luciano"]
[Result "1-0"]
[WhiteElo "1913"]
[BlackElo "1829"]
[PlyCount "141"]
[EventDate "2009.10.17"]

1. Nf3 Nf6 2. c4 e6 3. g3 Be7 4. Bg2 O-O 5. O-O c6 6. d4 d5 7. b3 Nbd7 8. Bb2
Re8 9. Nbd2 Nf8 10. Re1 Ng6 11. Qc2 Bb4 12. a3 Bd6 13. Ne5 Nf8 14. e4 Bxe5 15.
dxe5 N6d7 16. exd5 cxd5 17. cxd5 Nb6 18. d6 Nbd7 19. Rac1 Rb8 20. Qc7 b6 21.
Qxd8 Rxd8 22. Bd4 Bb7 23. Rc7 Bxg2 24. Kxg2 a5 25. Rec1 f6 26. f4 fxe5 27. fxe5
Ng6 28. Nf3 h6 29. Ra7 Ngf8 30. Rcc7 Kh7 31. Rab7 Kg6 32. Kf2 Kf5 33. Ke3 g5
34. Rxb8 Rxb8 35. Kd3 Kg4 36. Ke4 Kh3 37. Rc2 Kg4 38. h4 Nc5+ 39. Bxc5 bxc5 40.
Rc3 Nd7 41. hxg5 hxg5 42. Nh2+ Kh5 43. Nf3 Kg4 44. Nd2 Rb5 45. Nc4 Kh5 46. Ne3
Nb6 47. Nc2 Nd7 48. Ne3 Nb6 49. a4 Rb4+ 50. Nc4 Nd7 51. Kf3 Rb8 52. Ke4 Rb4 53.
Kf3 Rb8 54. Re3 Rf8+ 55. Kg2 Rf5 56. Rf3 Kg6 57. g4 Rf4 58. Rxf4 gxf4 59. Kf2
Kh6 60. Kg2 Kg6 61. Nxa5 Nxe5 62. Nc4 Nc6 63. d7 Kf6 64. Kf3 e5 65. Ke4 Ke7 66.
a5 Kxd7 67. a6 Ke6 68. Nxe5 Nxe5 69. a7 f3 70. a8=Q f2 71. Qe8+ 1-0

[Event "XXXI Festival A"]
[Site "Arco ITA"]
[Date "2009.10.21"]
[Round "6"]
[White "Fragni, Enrico"]
[Black "Lazzaroni, Fabio"]
[Result "1-0"]
[WhiteElo "1767"]
[BlackElo "1867"]
[PlyCount "147"]
[EventDate "2009.10.17"]

1. c3 e5 2. e4 Nf6 3. d3 Nc6 4. Bg5 Be7 5. Nd2 O-O 6. Be2 d5 7. h3 d4 8. Ngf3
b6 9. Nc4 Nd7 10. Qd2 Bxg5 11. Nxg5 Qf6 12. a4 Nc5 13. Ra3 Bb7 14. O-O dxc3 15.
bxc3 Rad8 16. Nf3 Rd7 17. Qe3 Rfd8 18. Rd1 Ba6 19. Nb2 Rd6 20. Rd2 R8d7 21. a5
Qd8 22. Ne1 Nxa5 23. Rxa5 bxa5 24. Qxc5 Bb7 25. Qxe5 Re6 26. Qf4 Rf6 27. Qh4
Qe7 28. f3 Qc5+ 29. Qf2 Qxc3 30. Rc2 Qb4 31. Bf1 Qb6 32. Na4 Qxf2+ 33. Kxf2 Bc6
34. Nc5 Rd4 35. Ra2 Rb4 36. Na6 Ra4 37. Rb2 g6 38. Nxc7 Rb4 39. Ra2 a4 40. Nc2
Rb7 41. Na6 Be8 42. Nc5 Rc7 43. d4 Rb6 44. Bd3 Bb5 45. Bxb5 Rxb5 46. Rxa4 Rb2
47. Rc4 a5 48. Kg3 a4 49. Na3 Ra7 50. Kf4 Rxg2 51. Nxa4 Ra2 52. Nb5 R7xa4 53.
Rc8+ Kg7 54. d5 Ra8 55. Rc7 R2a5 56. Rb7 R8a6 57. Ke5 Kf8 58. h4 h5 59. d6 Ke8
60. Kf6 Rxb5 61. Rxb5 Rxd6+ 62. Ke5 Re6+ 63. Kf4 Rf6+ 64. Ke3 Kd7 65. f4 Ra6
66. f5 Kd6 67. Kf4 Ra1 68. Rb6+ Ke7 69. fxg6 fxg6 70. Rxg6 Rf1+ 71. Kg5 Re1 72.
Kf4 Rf1+ 73. Kg5 Rg1+ 74. Kxh5 1-0

[Event "XXXI Festival A"]
[Site "Arco ITA"]
[Date "2009.10.21"]
[Round "6"]
[White "Franco Ocampos, Zenon"]
[Black "Van Riemsdijk, Herman C."]
[Result "1/2-1/2"]
[WhiteElo "2505"]
[BlackElo "2385"]
[PlyCount "77"]
[EventDate "2009.10.17"]

1. Nf3 d5 2. d4 Bg4 3. c4 Nc6 4. Nc3 e6 5. Bf4 dxc4 6. e3 Bd6 7. Bg3 Nf6 8.
Bxc4 O-O 9. O-O Bxg3 10. hxg3 Qe7 11. Bb5 Nb4 12. Qb3 c6 13. Bc4 b5 14. Be2 a6
15. Rac1 Nbd5 16. a4 Qb4 17. Qxb4 Nxb4 18. a5 Rfc8 19. Ne5 Bxe2 20. Nxe2 Ne4
21. Rfd1 f6 22. Nd3 Nxd3 23. Rxd3 c5 24. dxc5 Rxc5 25. Rxc5 Nxc5 26. Rc3 Na4
27. Rc2 b4 28. Rc4 Nxb2 29. Rxb4 Nd3 30. Rb6 Ne5 31. Rxe6 Nc4 32. Nc3 Kf7 33.
Rc6 Nxa5 34. Rc7+ Kg8 35. Nd5 Nb3 36. Rb7 Nc5 37. Rc7 Nb3 38. Rb7 Nc5 39. Rc7
1/2-1/2

[Event "XXXI Festival A"]
[Site "Arco ITA"]
[Date "2009.10.21"]
[Round "6"]
[White "Gasperoni, Claudio"]
[Black "Modena, Giorgio"]
[Result "0-1"]
[WhiteElo "1770"]
[BlackElo "1892"]
[PlyCount "90"]
[EventDate "2009.10.17"]

1. d4 d5 2. c4 c6 3. cxd5 cxd5 4. Nc3 Nc6 5. Bf4 a6 6. e3 Nf6 7. Bd3 h6 8. h3
e6 9. Rc1 Bd6 10. Bxd6 Qxd6 11. f4 g5 12. g3 Rg8 13. Nf3 Bd7 14. Ne5 Qe7 15.
Kf2 Rc8 16. h4 gxf4 17. gxf4 Nxe5 18. fxe5 Ng4+ 19. Ke2 f6 20. exf6 Qxf6 21.
Qf1 Ke7 22. Qxf6+ Nxf6 23. Rhg1 Rcf8 24. Rcf1 a5 25. Rg6 Rxg6 26. Bxg6 Rg8 27.
h5 Be8 28. Bxe8 Nxe8 29. Na4 Rg5 30. Nc5 b6 31. Nd3 Rxh5 32. Ne5 Nf6 33. Rf2
Rf5 34. Rh2 h5 35. a3 Ne4 36. Ng6+ Kd6 37. Nf4 Rg5 38. Kf3 Nf6 39. Ke2 e5 40.
dxe5+ Kxe5 41. Nd3+ Kd6 42. Nf2 Ng4 43. Nxg4 hxg4 44. Kd3 g3 45. Rg2 Ke5 0-1

[Event "XXXI Festival A"]
[Site "Arco ITA"]
[Date "2009.10.21"]
[Round "6"]
[White "Isatto, Davide"]
[Black "Bonanzinga, Corrado"]
[Result "0-1"]
[WhiteElo "1942"]
[BlackElo "2136"]
[PlyCount "86"]
[EventDate "2009.10.17"]

1. d4 Nf6 2. c4 g6 3. Nc3 Bg7 4. e4 d6 5. Nf3 O-O 6. Be2 e5 7. O-O Nc6 8. d5
Ne7 9. Ne1 Nd7 10. Nd3 f5 11. f3 Nf6 12. Bd2 f4 13. g4 h5 14. g5 Nh7 15. h4 Kh8
16. Kh1 c6 17. Rg1 b5 18. dxc6 bxc4 19. Nb4 a5 20. Nbd5 Nxc6 21. Bxc4 Nd4 22.
Qf1 Rf7 23. Na4 Rb7 24. Rc1 Bd7 25. Ndc3 Qe8 26. Bd5 Bc6 27. b3 Nf8 28. Bxc6
Nxc6 29. Nd5 Ne6 30. Nab6 Rd8 31. Qg2 Nc5 32. Nc4 Nd3 33. Rc3 Ndb4 34. Nxb4
axb4 35. Rcc1 d5 36. exd5 Rxd5 37. Rgd1 Nd4 38. Nb2 Nf5 39. Rc4 Qd8 40. Rdc1
Rxd2 41. Rc8 Ng3+ 42. Kg1 Rxg2+ 43. Kxg2 Rd7 0-1

[Event "XXXI Festival A"]
[Site "Arco ITA"]
[Date "2009.10.21"]
[Round "6"]
[White "Karl, Hans"]
[Black "Bonagura, Stefano"]
[Result "0-1"]
[WhiteElo "2229"]
[BlackElo "2086"]
[PlyCount "110"]
[EventDate "2009.10.17"]

1. e4 c6 2. d4 d5 3. e5 c5 4. c3 Bf5 5. Ne2 e6 6. Ng3 Bg6 7. Bd3 Nc6 8. O-O Qb6
9. dxc5 Bxc5 10. b4 Be7 11. Be3 Qc7 12. f4 Nh6 13. Bxg6 hxg6 14. Na3 a6 15. Nc2
O-O 16. Rc1 Rfc8 17. Qf3 b5 18. a3 Nb8 19. Nd4 Nd7 20. Nb3 Nb6 21. Bc5 Nc4 22.
Bxe7 Qxe7 23. Ra1 Qh4 24. Rfd1 Qg4 25. Qxg4 Nxg4 26. Nf1 g5 27. g3 gxf4 28.
gxf4 Nb2 29. Rd2 Na4 30. Rc1 Rc4 31. h3 Nh6 32. Nd4 Rac8 33. Ne3 Rxc3 34. Rdc2
Rxc2 35. Rxc2 Rc3 36. Rxc3 Nxc3 37. Kf2 Kf8 38. Nb3 Ne4+ 39. Ke2 f6 40. Kd3
Nf2+ 41. Kd4 Nxh3 42. exf6 Nxf4 43. fxg7+ Kxg7 44. Nc5 Kf6 45. Nxa6 e5+ 46. Kc5
d4 47. Nd1 Nf5 48. Kxb5 e4 49. Nc5 e3 50. Nb2 Nd6+ 51. Kc6 e2 52. Nbd3 Nxd3 53.
Nxd3 Nc4 54. Ne1 Ne5+ 55. Kd5 d3 0-1